| 000 | 00819nam a22002057a 4500 | ||
|---|---|---|---|
| 999 |
_c7033 _d7033 |
||
| 003 | AR-CdUCM | ||
| 008 | 190319b ||||| |||| 00| 0 spa d | ||
| 040 |
_aMUNICIPALIDAD PROVINCIAL DEL CUSCO _cBIBLIOTECA MUNICIPAL DEL CUSCO |
||
| 082 |
_a631.4 / _bA95 |
||
| 100 |
_aAyres, Quincy Claude _919821 |
||
| 245 | _aLa Erosión del Suelo y su control / | ||
| 260 |
_aEspaña : _bEdiciones Omega .S.A. , _c1960. |
||
| 300 |
_a441 páginas ; _c22 cm. |
||
| 505 | _aContenido : Introduccion -- Factores que afectan al ritmo de la erosion -- Metodos para combatir la erosion -- Lluvia y escorrentia -- Proyectos de Terraplenes -- Disposicion de los Traplene... | ||
| 650 |
_aTerraplenes y Calderias _919822 |
||
| 650 |
_aLa Erosion del Suelo _919823 |
||
| 650 |
_aGeomorfologia _96691 |
||
| 942 |
_2ddc _cLIBROS |
||
| 945 | _artm | ||